|
|
|
|
| LEADER |
00000nam a22000007a 4500 |
| 005 |
20151217144618.0 |
| 007 |
cr|||| ||u| |
| 008 |
151217s2013 bl ||||| |||| 00||0 por d |
| 020 |
|
|
|a 978-85-7789-143-6
|
| 035 |
|
|
|a 12992
|
| 040 |
|
|
|a vLex
|
| 090 |
|
|
|c 5761
|d 5761
|
| 100 |
1 |
|
|a Freitas de Oliveira, Raul Miguel
|
| 245 |
1 |
0 |
|a Concessô Florestal
|h [Recuros electrn̤ico] /
|c Raul Miguel Freitas de Oliveira
|
| 256 |
|
|
|a Servicio en ln̕ea
|
| 260 |
|
|
|a Brasil
|b Editora JH Mizuno
|c 2013
|
| 300 |
|
|
|a 1 recurso electrn̤ico
|
| 500 |
|
|
|a A concessô florestal, em linhas gerais, ̌um contrato administrativo por meio do qual o poder pb︢lico outorga ao particular a exploraȯ̂ sustentv̀el das florestas pb︢licas, cuja disciplina legal foi inaugurada pela Lei nð 11.284/2006, tratando-se, tambm̌, de uma das formas de gestô do patrimn̥io florestal pb︢lico brasileiro. Na presente obra, o autor dedicou-se a analisar tal contrato administrativo em todos os seus aspectos, iniciando pelo estudo dos instrumentos de tutela da flora brasileira e passando pela apresentaȯ̂ das florestas pb︢licas no mundo e a principiologia internacional que inspirou a elaboraȯ̂ da lei brasileira. Contudo, o cerne da obra encontra-se na comparaȯ̂ do regramento jurd̕ico prp̤rio desta espčie de contrato de concessô com o regramento dos contratos administrativos em geral e com aquele das concesse̳s de serviȯs pb︢licos, o que possibilitou ao autor demonstrar que a concessô florestal ̌uma novs̕sima espčie de concessô de uso de bem pb︢lico, com peculiaridades decorrentes de seu objetivo principal de proteȯ̂ das florestas pb︢licas com sustentabilidade. Dessa forma, a presente obra apresenta-se como riqus̕simo material para aqueles que se dedicam ao estudo do Direito Administrativo, Direito Ambiental e, especificamente, Direito Florestal, quer sejam estudantes ou profissionais de carreiras jurd̕icas, tais como Advogados, Procuradores federais, estaduais e municipais e membros do Poder Judicir̀io e do Ministřio Pb︢lico.
|
| 506 |
1 |
|
|a Contenido solo disponible en los productos indicados
|d vLex Global
|d vLex Global (Academic Edition, excluding Law Schools)
|d vLex Global (U.S. Academic Edition, Law Schools)
|d vLex Global (U.S. Academic Edition, excluding Law Schools)
|d vLex Global (Academic Edition, Law Schools)
|
| 650 |
0 |
4 |
|a Derecho
|z Brasil
|
| 740 |
0 |
|
|a vLex libros (servicio en ln̕ea)
|
| 856 |
4 |
0 |
|u http://vlex.com/source/concess-o-florestal-12992
|z Acceso restringido
|
| 942 |
|
|
|c BOOK
|
| 999 |
0 |
|
|a Derecho
|